Detalles MARC
| 000 -LEADER |
| campo de control de longitud fija |
04407cam a22004214i 4500 |
| 003 - IDENTIFICADOR DE NÚMERO DE CONTROL |
| campo de control |
PE-LiUPU |
| 005 - FECHA Y HORA DE LA ÚLTIMA TRANSACCIÓN |
| campo de control |
20250731183347.0 |
| 008 - DATOS DE LONGITUD FIJA--INFORMACIÓN GENERAL |
| campo de control de longitud fija |
080915s2007 gw ao r 000 0 eng d |
| 020 ## - NÚMERO INTERNACIONAL ESTÁNDAR DEL LIBRO |
| Número Internacional Estándar del Libro |
3866540051 |
| 020 ## - NÚMERO INTERNACIONAL ESTÁNDAR DEL LIBRO |
| Número Internacional Estándar del Libro |
9783866540057 |
| 035 ## - NÚMERO DE CONTROL DEL SISTEMA |
| Número de control de sistema |
(Sirsi) i9783866540057 |
| 040 ## - FUENTE DE CATALOGACIÓN |
| Centro catalogador/agencia de origen |
PUJAV |
| Lengua de catalogación |
spa |
| Centro/agencia transcriptor |
PUJAV |
| Centro/agencia modificador |
PE-LiUPU |
| Normas de descripción |
rda |
| 041 0# - CÓDIGO DE IDIOMA |
| Código de lengua del texto/banda sonora o título independiente |
eng |
| -- |
fre |
| -- |
ger |
| -- |
spa |
| -- |
ita |
| 082 04 - NÚMERO DE LA CLASIFICACIÓN DECIMAL DEWEY |
| Número de clasificación |
729.4 |
| Cutter |
C8 |
| Número de edición |
21 |
| 245 00 - MENCIÓN DEL TÍTULO |
| Título |
Contemporary color design / |
| Mención de responsabilidad, etc. |
editor Christiane Niemann. |
| 264 ## - PRODUCCIÓN, PUBLICACIÓN, DISTRIBUCIÓN, FABRICACIÓN Y COPYRIGHT |
| Producción, publicación, distribución, fabricación y copyright |
New-York : |
| Nombre del de productor, editor, distribuidor, fabricante |
Daab, |
| Fecha de producción, publicación, distribución, fabricación o copyright |
c2007. |
| 300 ## - DESCRIPCIÓN FÍSICA |
| Extensión |
383 páginas : |
| Otras características físicas |
ilustraciones ; |
| Dimensiones |
24 centímetros. |
| 336 ## - TIPO DE CONTENIDO |
| Término de tipo de contenido |
text |
| Fuente |
rdacontent |
| 337 ## - TIPO DE MEDIO |
| Nombre/término del tipo de medio |
unmediated |
| Fuente |
rdamedia |
| 338 ## - TIPO DE SOPORTE |
| Nombre/término del tipo de soporte |
volume |
| Fuente |
rdacarrier |
| 504 ## - NOTA DE BIBLIOGRAFÍA, ETC. |
| Nota de bibliografía, etc. |
Índice: páginas 381-383. |
| 505 0# - NOTA DE CONTENIDO CON FORMATO |
| Nota de contenido con formato |
Yellow exhibition pavilion / 03 Munchen GbR, aavp architecture -- Indaten 355 A / and Base Paysagistes -- MQP, Maison de Quartier & Bibliothéque / aavp architecture -- RAG, Casa do Portugal / and Antonio VIRGA architecte, Architekten Prof. Arno Lederer -- Gustav von Schmoller School / Jórunn Ragnarsdóttir, Marc Oei -- Kirchgemeindezentrum (parish center) / Architektengemeinschaft Zimmerman -- Vajra Forest / Ryuichi Ashizawa Architects & Associates -- GM1607 / AT 103 -- 2006Feb01; Fachmarktzentrum M-City / BEHF Architekten, Ebner Hasenauer Ferenczy ZT GmbH -- Foodbar Nama; Jazzclub Bix / Bottega + Ehrhardt Architekten, bogevischs buero -- Student dormitory Felsennelkenanger / Hofmann Ritzer Architekten bda, Carlos Martinez Architekten -- Citylounge St. Gallen / and Pipilotti Rist, CODE UNIQUE Architekten -- Computing faculty of TU Dresden / Architektengemeinschaft Zimmerman -- Concept pavilion for Titan Industries; Wrap-3 / Collaborative Architecture -- White Blue Black / Daigo Ishi + Future-scape Architects -- Day-Care Centre Skanderborggade / Dorte Mandrup Architects -- Sports and Culture Centre: Crystal / Dorte Mandrup Architects, B & K+ Brandlhuber & Co. -- Ludskolen School / Friis & Moltke -- Camouflage House; Parts House Pavilion / Johnson Schmaling Architects -- Sale House / Johnston Marklee -- Deutshce Bank Lounge; Karim Rashid's Loft; Semiramis Hotel / Karim Rashid -- Wonderland Kindergarten / Ken Architekten BSA -- Penthouse A / Denis Kosutic -- Brillux-Administration Building and Customer Center; Freiherr-vom-Stein-Gymnansium / Kresing Architekten -- Momentum-St. Louis / The Lawrence Group Architects -- Heerema Marine Contractor / Lohmann's Architecture and Urban + Industrial Design -- head in / magma architecture -- Templestowe Primary School Multipurpose Hall / McBride Charles Ryan architecture + interior design -- Popakademie / Motorplan Architektur+Stadtplanung -- Netherlands Institute for Sound and Vision / Neutelings Riedijk Architecten -- Student Dormitory "Krabbesholm Art College" / Nervous in the Service -- Blue One Club; California Red Box Re-branding; Restaurant Golden Dynasty / Panorama International Ltd -- Rheinufergarage Mainz / Planungsgemeinschaft, Rheinufer Fischtorplatz-Kaisertorplatz -- Centralised Science Laboratories building at The Chinese University of HK / RMJM Hong Kong Ltd -- Montreal Convention Centre Expansion / Saia Barbarese Topouzanov architectes, Aedifica Inc -- Lassonde Building, School of Engineering / Saia Barbarese Topouzanov architectes, Menkés Shoner Dagenais Létourneux Architectes, Les Architectes Desnoyers Mercure et Associés -- Felissimo2; Kid's Republic Bookstore; Lattice in Beijing / SKSK architects -- Blizard Building / SMC Alsop, Almec -- Ensemble Pinnasberg; red + green between Reeperbahn and Habor -- "let's have a ball" sportastic / STADTGUT Architekten -- Jewish Historical Museum; Agora Theatre / UNStudio. |
| 526 ## - NOTA DE INFORMACIÓN SOBRE EL PROGRAMA DE ESTUDIO |
| Nombre del programa |
Maestría Bim Facility Management (A distancia) |
| 526 ## - NOTA DE INFORMACIÓN SOBRE EL PROGRAMA DE ESTUDIO |
| Nombre del programa |
|
| 526 ## - NOTA DE INFORMACIÓN SOBRE EL PROGRAMA DE ESTUDIO |
| Nombre del programa |
Educación musical y artes |
| 526 ## - NOTA DE INFORMACIÓN SOBRE EL PROGRAMA DE ESTUDIO |
| Nombre del programa |
Educación, especialidad educación física |
| 526 ## - NOTA DE INFORMACIÓN SOBRE EL PROGRAMA DE ESTUDIO |
| Nombre del programa |
Arquitectura |
| 541 ## - NOTA DE FUENTE DE ADQUISICIÓN DIRECTA |
| -- |
003-001195; |
| 596 ## - |
| -- |
1 |
| 650 14 - PUNTO DE ACCESO ADICIONAL DE MATERIA--TÉRMINO DE MATERIA |
| Término de materia o nombre geográfico como elemento de entrada |
Diseoño industrial. |
| 650 24 - PUNTO DE ACCESO ADICIONAL DE MATERIA--TÉRMINO DE MATERIA |
| Término de materia o nombre geográfico como elemento de entrada |
Color en el arte. |
| 700 1# - ENTRADA AGREGADA--NOMBRE PERSONAL |
| Nombre de persona |
Niemann, Christiane, |
| Término indicativo de función/relación |
Editor |
| 910 ## - DATOS DE OPCIÓN DEL USUARIO (OCLC) |
| Datos de opción del usuario |
jck |
| -- |
ebj |
| -- |
ebj |
| -- |
20160624 |
| 942 ## - ELEMENTOS DE ENTRADA SECUNDARIOS (KOHA) |
| Fuente del sistema de clasificación o colocación |
Clasificación Decimal Dewey |
| Tipo de ítem Koha |
|
| 949 ## - PROCESAMIENTO DE INFORMACIÓN LOCAL (OCLC) |
| a |
729.4 C8 |
| w |
DEWEY |
| c |
1 |
| i |
73786 |
| l |
CATALOGING |
| m |
BUL |
| p |
15.96 |
| r |
0 |
| s |
Y |
| t |
BOOK |
| u |
24/06/16 |
| x |
INGENIERIA |
| -- |
P06 |
| o |
.STAFF. Colección General |
| 0 |
compra |
| 994 ## - |
| -- |
C0 |
| -- |
PEPRU |
| 999 ## - NÚMEROS DE CONTROL DE SISTEMA (KOHA) |
| -- |
DEWEY |
| -- |
73786 |
| -- |
2021-11-10 |
| -- |
7 |
| -- |
CCODEBUL1 |
| -- |
BUL |
| -- |
15.96 |
| -- |
2 |
| -- |
0 |
| -- |
Y |
| -- |
BOOK |
| -- |
2016-6-24 |
| -- |
INGENIERIA |
| -- |
P06 |
| -- |
COMPRA |
| -- |
.STAFF. Colección General |
| 980 ## - EQUIVALENCIA O REFERENCIA-CRUZADA-MENCIÓN DE SERIE--NOMBRE DE PERSONA/TÍTULO [LOCAL, CANADÁ] |
| ID del último usuario que modificó el registro |
1 |
| Nombre del último usuario que modificó el registro |
ALBERTO SANCHEZ Responsable de Automatización |